000 00580cam a2200145 4500500
005 20251228093426.0
041 _afre
042 _adc
100 1 0 _aDufaud, Grégory
_eauthor
245 0 0 _aHélène CARRÈRE D’ENCAUSSE L’Empire d’Eurasie Une histoire de l’Empire russe de 1552 à nos jours Paris : Fayard, 2005, 503p.
260 _c2005.
500 _a43
786 0 _nCahiers du monde russe | Vol 46 | 4 | 2005-11-01 | p. 859zf-990zf | 1252-6576
856 4 1 _uhttps://shs.cairn.info/revue-cahiers-du-monde-russe-2005-4-page-859zf?lang=fr&redirect-ssocas=7080
999 _c1604358
_d1604358